[Event "Medellin Antioquia-ch"]
[Site "Medellin"]
[Date "2023.04.20"]
[Round "3"]
[White "Amaya Builes, Juan Jose"]
[Black "Jaramillo, Carlos Mario"]
[Result "1-0"]
[WhiteElo "1551"]
[BlackElo "1498"]
[PlyCount "61"]
[EventDate "2023.04.18"]
[EventType "swiss"]
[EventRounds "7"]
[EventCountry "COL"]
[SourceTitle "EXT 2024"]
[Source "ChessBase"]
[SourceDate "2023.10.10"]
[SourceVersion "1"]
[SourceVersionDate "2023.10.10"]
[SourceQuality "1"]

1. d4 Nf6 2. c4 e6 3. Nc3 d5 4. f3 Be7 5. e4 dxe4 6. fxe4 0-0 7. Nf3 Nbd7 8. Bd3 c5 9. d5 exd5 10. exd5 Re8 11. 0-0 Bd6 12. Re1 Ne5 13. Bf4 Nxd3 14. Rxe8+ Nxe8 15. Bxd6 Nxd6 16. Qxd3 Bg4 17. Qe3 Bxf3 18. Qxf3 Nxc4 19. b3 Qa5 20. bxc4 Re8 21. Rf1 f6 22. Ne4 Qxa2 23. Nxc5 Qxc4 24. Nxb7 Qb4 25. d6 Rb8 26. d7 Qb6+ 27. Kh1 Rxb7 28. d8Q+ Qxd8 29. Qxb7 a5 30. Rb1 Qd3 31. Qb3+ 1-0

[Event "Medellin Easter op 11th"]
[Site "Medellin"]
[Date "2023.04.09"]
[Round "7"]
[White "Truco Acevedo, Andres F"]
[Black "Jaramillo, Carlos Mario"]
[Result "1-0"]
[WhiteElo "1977"]
[BlackElo "1498"]
[PlyCount "45"]
[EventDate "2023.04.05"]
[EventType "swiss"]
[EventRounds "7"]
[EventCountry "COL"]
[SourceTitle "CBM 213 Extra"]
[Source "ChessBase"]
[SourceDate "2023.05.31"]
[SourceVersion "1"]
[SourceVersionDate "2023.05.31"]
[SourceQuality "1"]

1. d4 Nf6 2. c4 e6 3. Nf3 d5 4. Nc3 c5 5. cxd5 exd5 6. g3 Be7 7. Bg2 0-0 8. 0-0 b6 9. Ne5 Bb7 10. a4 Nbd7 11. a5 bxa5 12. Nxd7 Qxd7 13. Rxa5 c4 14. Bg5 Qc7 15. Qa4 Bc6 16. Qa2 Bb4 17. Ra6 Bxc3 18. Bxf6 Bb4 19. Be5 Qb7 20. Ra1 c3 21. bxc3 Bxc3 22. Rb1 Qe7 23. Rxc6 1-0

[Event "COL-ch Visually impaired"]
[Site "Cartagena"]
[Date "2019.12.07"]
[Round "6.8"]
[White "Intencipa Acosta, Fabian Armando"]
[Black "Jaramillo, Carlos Mario"]
[Result "1-0"]
[WhiteElo "1505"]
[BlackElo "1538"]
[PlyCount "47"]
[EventDate "2019.12.06"]
[EventType "swiss (rapid)"]
[EventRounds "6"]
[EventCountry "COL"]
[SourceTitle "EXT 2024"]
[Source "ChessBase"]
[SourceDate "2023.10.10"]
[SourceVersion "1"]
[SourceVersionDate "2023.10.10"]
[SourceQuality "1"]

1. e4 c5 2. Nc3 e5 3. Bc4 Be7 4. d3 Nf6 5. f4 exf4 6. Bxf4 d6 7. Nf3 0-0 8. 0-0 Nc6 9. a3 a6 10. Qe1 b5 11. Bd5 Nxd5 12. Nxd5 Be6 13. Ne3 b4 14. Qg3 f5 15. exf5 Bxf5 16. Nd5 Bg6 17. Nxe7+ Nxe7 18. Nh4 Nf5 19. Nxf5 Rxf5 20. Bxd6 Qf6 21. Rxf5 Bxf5 22. Rf1 Qd4+ 23. Kh1 Bg6 24. Qf3 1-0

[Event "COL-ch Visually impaired"]
[Site "Cartagena"]
[Date "2019.12.04"]
[Round "3.9"]
[White "Castillo Perez, Jaider Enrique"]
[Black "Jaramillo, Carlos Mario"]
[Result "1-0"]
[WhiteElo "1756"]
[BlackElo "1540"]
[PlyCount "59"]
[EventDate "2019.12.03"]
[EventType "swiss"]
[EventRounds "6"]
[EventCountry "COL"]
[SourceTitle "EXT 2024"]
[Source "ChessBase"]
[SourceDate "2023.10.10"]
[SourceVersion "1"]
[SourceVersionDate "2023.10.10"]
[SourceQuality "1"]

1. d4 Nf6 2. Bf4 e6 3. Nf3 g6 4. Nc3 Bg7 5. Qd2 d6 6. Bh6 0-0 7. 0-0-0 Nbd7 8. Bxg7 Kxg7 9. h3 a5 10. e4 Qe7 11. Be2 e5 12. dxe5 Nxe5 13. g4 Nxf3 14. Bxf3 Re8 15. g5 Nd7 16. Nd5 Qd8 17. Qc3+ Re5 18. h4 c6 19. Ne3 Nc5 20. Qxe5+ dxe5 21. Rxd8 Ne6 22. Rd2 Nd4 23. Bg4 Bxg4 24. Nxg4 Nf3 25. Rd7 Rb8 26. Rhd1 c5 27. R1d5 b6 28. Nxe5 Nxh4 29. Rxf7+ Kg8 30. Rdd7 1-0

[Event "Medellin op 2nd"]
[Site "Medellin"]
[Date "2019.05.10"]
[Round "4.3"]
[White "Jaramillo, Carlos Mario"]
[Black "Acosta Cruz, Luis Ivan"]
[Result "0-1"]
[WhiteElo "1558"]
[BlackElo "1783"]
[PlyCount "79"]
[EventDate "2019.05.08"]
[EventType "swiss"]
[EventRounds "6"]
[EventCountry "COL"]
[SourceTitle "EXT 2024"]
[Source "ChessBase"]
[SourceDate "2023.10.10"]
[SourceVersion "1"]
[SourceVersionDate "2023.10.10"]
[SourceQuality "1"]

1. e4 e5 2. Nf3 Nc6 3. Bb5 a6 4. Ba4 Nf6 5. 0-0 b5 6. Bb3 d6 7. d4 Bg4 8. d5 Nd4 9. Nbd2 Bxf3 10. Nxf3 Nxb3 11. axb3 Nxe4 12. c4 b4 13. Be3 Be7 14. Rc1 0-0 15. Nd2 Nxd2 16. Qxd2 a5 17. Rfe1 f5 18. f3 Bh4 19. Re2 f4 20. Bf2 Bf6 21. c5 Ra6 22. Qd3 Qa8 23. Rec2 Rd8 24. Qb5 Rb8 25. Qd7 Qxd5 26. Qxc7 Rf8 27. c6 Raa8 28. Qd7 Rf7 29. Qf5 Rc7 30. Bb6 Rcc8 31. Qd7 h6 32. c7 Kh7 33. Qf5+ Kh8 34. Qd7 Kg8 35. Rc6 Qxb3 36. Rxd6 Qxb2 37. Qe6+ Kh8 38. Rcd1 Rf8 39. h3 b3 40. Qd7 0-1

[Event "COL visually impaired 14th"]
[Site "Armenia"]
[Date "2018.11.11"]
[Round "5.8"]
[White "Jaramillo, Carlos Mario"]
[Black "Alvarez, Juan Evangelista"]
[Result "1-0"]
[WhiteElo "1559"]
[BlackElo "1669"]
[PlyCount "59"]
[EventDate "2018.11.09"]
[EventType "swiss"]
[EventRounds "6"]
[EventCountry "COL"]
[SourceTitle "EXT 2024"]
[Source "ChessBase"]
[SourceDate "2023.10.10"]
[SourceVersion "1"]
[SourceVersionDate "2023.10.10"]
[SourceQuality "1"]

1. e4 Nf6 2. Nc3 e5 3. Nf3 Nc6 4. Bb5 d6 5. d4 exd4 6. Nxd4 Bd7 7. Nxc6 bxc6 8. Ba4 c5 9. Bxd7+ Qxd7 10. 0-0 Be7 11. Re1 0-0 12. Qf3 Ng4 13. h3 Ne5 14. Qg3 Rab8 15. Rb1 f5 16. f4 Ng6 17. Qe3 Bf6 18. Kh1 fxe4 19. Nxe4 Bd4 20. Qg3 Qf5 21. Qg5 Rbe8 22. Qxf5 Rxf5 23. g4 Rff8 24. f5 d5 25. fxg6 dxe4 26. gxh7+ Kxh7 27. c3 Bf2 28. Re2 e3 29. Kg2 Rf3 30. Kxf3 1-0

[Event "COL visually impaired 14th"]
[Site "Armenia"]
[Date "2018.11.10"]
[Round "3.11"]
[White "Jaramillo, Carlos Mario"]
[Black "Alvarez Mendoza, Rafael"]
[Result "0-1"]
[WhiteElo "1559"]
[BlackElo "1561"]
[PlyCount "46"]
[EventDate "2018.11.09"]
[EventType "swiss"]
[EventRounds "6"]
[EventCountry "COL"]
[SourceTitle "EXT 2024"]
[Source "ChessBase"]
[SourceDate "2023.10.10"]
[SourceVersion "1"]
[SourceVersionDate "2023.10.10"]
[SourceQuality "1"]

1. e4 c6 2. d4 d5 3. e5 Bf5 4. c3 e6 5. Nf3 Nd7 6. Be2 Qb6 7. 0-0 h6 8. Bd3 Be4 9. Re1 f5 10. exf6 Ngxf6 11. Nbd2 Bxd3 12. Rxe6+ Kd8 13. Ne5 Nxe5 14. Rxe5 Bd6 15. Re6 Qc7 16. Nf3 Bf5 17. Re1 Re8 18. h3 Qd7 19. Ne5 Bxe5 20. dxe5 Nh7 21. h4 Re6 22. Bf4 g5 23. Bg3 Kc7 0-1

[Event "Pan American IBCA-ch 7th"]
[Site "San Luis"]
[Date "2018.11.06"]
[Round "5.12"]
[White "Jaramillo, Carlos Mario"]
[Black "Velazquez, Ariel"]
[Result "1-0"]
[WhiteElo "1559"]
[BlackElo "1292"]
[PlyCount "51"]
[EventDate "2018.11.04"]
[EventType "swiss"]
[EventRounds "7"]
[EventCountry "ARG"]
[SourceTitle "EXT 2024"]
[Source "ChessBase"]
[SourceDate "2023.10.10"]
[SourceVersion "1"]
[SourceVersionDate "2023.10.10"]
[SourceQuality "1"]

1. e4 e5 2. Nf3 Nc6 3. Bb5 Nf6 4. 0-0 a6 5. Bxc6 dxc6 6. Nxe5 Qe7 7. Nf3 g6 8. d3 Bg7 9. h3 0-0 10. Re1 c5 11. Bf4 Nh5 12. Bh2 Bxb2 13. Nbd2 Bxa1 14. Qxa1 Re8 15. Be5 f6 16. Bh2 b5 17. a3 Be6 18. e5 Bf7 19. g4 fxe5 20. gxh5 Qe6 21. hxg6 Qxg6+ 22. Kh1 Bd5 23. Rg1 Qxg1+ 24. Qxg1+ Kf7 25. Qg5 Rg8 26. Qf5+ 1-0

[Event "Gobernacion op"]
[Site "Gobernacion"]
[Date "2015.11.29"]
[Round "3"]
[White "Alvarez Mendoza, Rafael"]
[Black "Jaramillo, Carlos Mario"]
[Result "1-0"]
[WhiteElo "1561"]
[BlackElo "1581"]
[PlyCount "47"]
[EventDate "2015.11.28"]
[EventType "swiss"]
[EventRounds "7"]
[EventCountry "COL"]
[SourceTitle "EXT 2017"]
[Source "ChessBase"]
[SourceDate "2016.10.25"]
[SourceVersion "1"]
[SourceVersionDate "2016.10.25"]
[SourceQuality "1"]

1. d4 d5 2. Bf4 Nf6 3. Nf3 e6 4. e3 Nbd7 5. Nbd2 Be7 6. Ne5 0-0 7. Bd3 c5 8. c3 Bd6 9. Qf3 Nxe5 10. dxe5 Ne4 11. exd6 Nxd2 12. Kxd2 Bd7 13. Qh5 f5 14. g4 Qf6 15. g5 Qd8 16. g6 hxg6 17. Qxg6 Rf6 18. Qg3 Qf8 19. h4 Be8 20. h5 b5 21. Rhg1 Kh7 22. Be5 Rf7 23. Qg6+ Kh8 24. h6 1-0

[Event "Gobernacion op"]
[Site "Gobernacion"]
[Date "2015.11.28"]
[Round "2"]
[White "Jaramillo, Carlos Mario"]
[Black "Munoz, Mauricio"]
[Result "0-1"]
[WhiteElo "1581"]
[BlackElo "1748"]
[PlyCount "80"]
[EventDate "2015.11.28"]
[EventType "swiss"]
[EventRounds "7"]
[EventCountry "COL"]
[SourceTitle "EXT 2017"]
[Source "ChessBase"]
[SourceDate "2016.10.25"]
[SourceVersion "1"]
[SourceVersionDate "2016.10.25"]
[SourceQuality "1"]

1. e4 c5 2. Nf3 a6 3. d4 cxd4 4. Nxd4 Nf6 5. Nc3 e5 6. Nb3 Bb4 7. Qd3 d5 8. exd5 0-0 9. Bg5 Qd6 10. Bxf6 Qxf6 11. Be2 Bf5 12. Qe3 Bxc2 13. 0-0 Bxb3 14. axb3 Nd7 15. Ne4 Qe7 16. Rac1 Rac8 17. Rxc8 Rxc8 18. Rc1 Rxc1+ 19. Qxc1 Nb6 20. Bc4 h6 21. Qd1 Bd6 22. Nxd6 Qxd6 23. Qd3 Nd7 24. Qd1 Nf6 25. Be2 b5 26. Qd3 Qxd5 27. Kf1 Qxd3 28. Bxd3 Kf8 29. Ke2 Ke7 30. f3 Kd6 31. Kd2 Kc5 32. Be4 Nxe4+ 33. fxe4 Kd4 34. h3 Kxe4 35. Kc3 Ke3 36. Kb4 e4 37. Ka5 Kf2 38. Kxa6 e3 39. Kxb5 e2 40. b4 e1Q 0-1

[Event "San Cristobal op 25th"]
[Site "San Cristobal"]
[Date "2015.02.05"]
[Round "2"]
[White "Mendez, Gerson"]
[Black "Jaramillo, Carlos Mario"]
[Result "1/2-1/2"]
[WhiteElo "2115"]
[BlackElo "1530"]
[PlyCount "38"]
[EventDate "2015.02.05"]
[EventType "swiss"]
[EventRounds "7"]
[EventCountry "VEN"]
[SourceTitle "CBM 165 Extra"]
[Source "ChessBase"]
[SourceDate "2015.04.21"]
[SourceVersion "1"]
[SourceVersionDate "2015.04.21"]
[SourceQuality "1"]

1. Nf3 Nc6 2. g3 e5 3. d3 Nf6 4. Bg2 d5 5. 0-0 Be7 6. c4 d4 7. e3 0-0 8. exd4 exd4 9. Na3 a6 10. Nc2 Rb8 11. b4 Bxb4 12. Nxb4 Nxb4 13. Ba3 c5 14. Bxb4 cxb4 15. Qb3 a5 16. a3 b5 17. axb4 bxc4 18. Qxc4 Rxb4 19. Qc5 Qb6 1/2-1/2